000 00359pab a2200145 454500
008 180718b1990 xxu||||| |||| 00| 0 eng d
100 _aDavies, Sandra
245 _aHealth sector reform
_bThe quest for greater accountability
260 _c1990
300 _a8-9
362 _aMar.
650 _aHealth Services
773 _aPublic Sector
909 _a10070
999 _c10070
_d10070